[Event "World Chess Olympiad 2018"]
[Site "Batumi"]
[Date "2018.09.25"]
[Round "2"]
[Board "3"]
[WhiteFideId "1300113"]
[White "Georgiadis Nico"]
[BlackFideId "944335"]
[Black "Draskovic Luka"]
[Result "1-0"]
[LiveChessVersion "1.4.8"]
[BlackElo "2449"]
[WhiteElo "2522"]

1. e4 {[%clk 1:30:56]} c5 {[%clk 1:30:25]} 2. Nf3 {[%clk 1:31:20]} d6
{[%clk 1:29:40]} 3. d4 {[%clk 1:31:40]} cxd4 {[%clk 1:30:05]} 4. Nxd4
{[%clk 1:32:03]} Nf6 {[%clk 1:30:12]} 5. Nc3 {[%clk 1:32:26]} Nc6
{[%clk 1:29:40]} 6. Bg5 {[%clk 1:32:43]} e6 {[%clk 1:29:08]} 7. Qd2
{[%clk 1:32:24]} Be7 {[%clk 1:27:42]} 8. O-O-O {[%clk 1:30:45]} Nxd4
{[%clk 1:28:02]} 9. Qxd4 {[%clk 1:31:10]} O-O {[%clk 1:28:27]} 10. f3
{[%clk 1:20:05]} a6 {[%clk 1:27:34]} 11. h4 {[%clk 1:15:18]} b5 {[%clk 1:26:09]}
12. a3 {[%clk 1:13:57]} Bb7 {[%clk 1:21:15]} 13. g4 {[%clk 1:13:10]} Rc8
{[%clk 1:18:35]} 14. Kb1 {[%clk 1:11:16]} Qc7 {[%clk 1:12:33]} 15. Qd2
{[%clk 0:39:04]} d5 {[%clk 0:57:29]} 16. e5 {[%clk 0:38:31]} d4 {[%clk 0:53:57]}
17. Bxf6 {[%clk 0:37:44]} gxf6 {[%clk 0:41:53]} 18. Bd3 {[%clk 0:30:03]} Kg7
{[%clk 0:34:16]} 19. exf6+ {[%clk 0:29:08]} Bxf6 {[%clk 0:34:41]} 20. Ne4
{[%clk 0:28:33]} Bxe4 {[%clk 0:27:09]} 21. Bxe4 {[%clk 0:28:55]} a5
{[%clk 0:24:29]} 22. Bd3 {[%clk 0:17:50]} b4 {[%clk 0:24:20]} 23. a4
{[%clk 0:16:05]} Be5 {[%clk 0:18:14]} 24. Qe2 {[%clk 0:13:02]} Kh8
{[%clk 0:14:32]} 25. g5 {[%clk 0:11:54]} Rg8 {[%clk 0:10:51]} 26. Bxh7
{[%clk 0:07:03]} Rg7 {[%clk 0:06:18]} 27. Bd3 {[%clk 0:06:59]} Bf4
{[%clk 0:06:31]} 28. Qe4 {[%clk 0:04:07]} Qe5 {[%clk 0:04:33]} 29. Qxe5
{[%clk 0:00:59]} Bxe5 {[%clk 0:04:57]} 30. Rdg1 {[%clk 0:00:54]} Bf4
{[%clk 0:03:15]} 31. Rg4 {[%clk 0:01:18]} Be3 {[%clk 0:02:50]} 32. Ka2
{[%clk 0:00:40]} Rgg8 {[%clk 0:01:20]} 33. Rh2 {[%clk 0:00:43]} e5
{[%clk 0:00:42]} 34. Rhg2 {[%clk 0:00:56]} Kg7 {[%clk 0:00:39]} 35. h5
{[%clk 0:00:57]} Rh8 {[%clk 0:00:46]} 36. h6+ {[%clk 0:01:13]} Kg8
{[%clk 0:00:46]} 37. Kb3 {[%clk 0:01:19]} Kf8 {[%clk 0:00:36]} 38. h7
{[%clk 0:00:34]} Kg7 {[%clk 0:00:42]} 39. Rh2 {[%clk 0:00:42]} Rc6
{[%clk 0:00:33]} 40. Rh6 {[%clk 0:30:45]} Rc5 {[%clk 0:30:33]} 41. Ra6
{[%clk 0:27:47]} Rhc8 {[%clk 0:28:18]} 42. g6 {[%clk 0:25:04]} 1-0

[Event "World Chess Olympiad 2018"]
[Site "Batumi"]
[Date "2018.09.25"]
[Round "2"]
[Board "4"]
[WhiteFideId "921815"]
[White "Kalezic Blazo"]
[BlackFideId "1319620"]
[Black "Studer Noel"]
[Result "1/2-1/2"]
[LiveChessVersion "1.4.8"]
[BlackElo "2484"]
[WhiteElo "2448"]

1. e4 {[%clk 1:30:56]} e6 {[%clk 1:30:54]} 2. d4 {[%clk 1:31:13]} d5
{[%clk 1:31:20]} 3. e5 {[%clk 1:31:30]} c5 {[%clk 1:31:46]} 4. c3
{[%clk 1:31:48]} Nc6 {[%clk 1:32:14]} 5. Nf3 {[%clk 1:32:08]} Qb6
{[%clk 1:32:40]} 6. a3 {[%clk 1:32:29]} Nh6 {[%clk 1:33:06]} 7. b4
{[%clk 1:32:54]} cxd4 {[%clk 1:33:33]} 8. cxd4 {[%clk 1:33:17]} Nf5
{[%clk 1:34:01]} 9. Bb2 {[%clk 1:33:36]} Bd7 {[%clk 1:33:12]} 10. g4
{[%clk 1:33:55]} Nfe7 {[%clk 1:33:37]} 11. Nc3 {[%clk 1:34:17]} Na5
{[%clk 1:33:55]} 12. Qc2 {[%clk 1:34:27]} Nc4 {[%clk 1:34:07]} 13. Bxc4
{[%clk 1:34:48]} dxc4 {[%clk 1:34:34]} 14. Nd2 {[%clk 1:35:06]} Qc6
{[%clk 1:34:47]} 15. Nce4 {[%clk 1:35:16]} c3 {[%clk 1:35:13]} 16. Nd6+
{[%clk 1:32:39]} Kd8 {[%clk 1:32:45]} 17. Nxf7+ {[%clk 1:29:58]} Ke8
{[%clk 1:33:13]} 18. Nd6+ {[%clk 1:30:14]} Kd8 {[%clk 1:33:40]} 19. Nf7+
{[%clk 1:30:35]} Ke8 {[%clk 1:34:07]} 20. Nd6+ Kd8 21. Nf7+ 1/2-1/2

[Event "World Chess Olympiad 2018"]
[Site "Batumi"]
[Date "2018.09.25"]
[Round "2"]
[Board "2"]
[WhiteFideId "3702308"]
[White "Vazquez Guillermo"]
[BlackFideId "10601619"]
[Black "Adly Ahmed"]
[Result "0-1"]
[LiveChessVersion "1.4.8"]
[BlackElo "2620"]
[WhiteElo "2468"]

1. e4 {[%clk 1:30:50]} c5 {[%clk 1:30:50]} 2. Nf3 {[%clk 1:31:06]} Nf6
{[%clk 1:31:17]} 3. e5 {[%clk 1:31:16]} Nd5 {[%clk 1:31:44]} 4. d4
{[%clk 1:30:43]} cxd4 {[%clk 1:31:56]} 5. Qxd4 {[%clk 1:31:06]} Nc7
{[%clk 1:32:04]} 6. Nc3 {[%clk 1:25:17]} Nc6 {[%clk 1:32:24]} 7. Qh4
{[%clk 1:23:57]} Ne6 {[%clk 1:23:21]} 8. Bb5 {[%clk 1:12:54]} a6 {[%clk 1:19:05]}
9. Bxc6 {[%clk 1:12:14]} bxc6 {[%clk 1:18:16]} 10. O-O {[%clk 1:11:33]} d5
{[%clk 1:18:31]} 11. Rd1 {[%clk 1:00:13]} h6 {[%clk 1:15:07]} 12. Ne2
{[%clk 0:54:04]} Qc7 {[%clk 1:10:32]} 13. c4 {[%clk 0:50:04]} g5 {[%clk 1:08:10]}
14. Nxg5 {[%clk 0:42:15]} Nxg5 {[%clk 1:04:58]} 15. Bxg5 {[%clk 0:42:37]} Qxe5
{[%clk 1:05:21]} 16. Be3 {[%clk 0:42:53]} Rg8 {[%clk 1:05:36]} 17. h3
{[%clk 0:38:40]} Qe4 {[%clk 0:59:58]} 18. Qxe4 {[%clk 0:37:37]} dxe4
{[%clk 1:00:22]} 19. Kf1 {[%clk 0:35:19]} e5 {[%clk 0:59:22]} 20. Nc3
{[%clk 0:29:11]} f5 {[%clk 0:55:56]} 21. Na4 {[%clk 0:27:33]} Rb8
{[%clk 0:44:00]} 22. Bb6 {[%clk 0:22:39]} Be6 {[%clk 0:41:09]} 23. b3
{[%clk 0:22:02]} f4 {[%clk 0:35:58]} 24. Bc7 {[%clk 0:20:07]} Rb7
{[%clk 0:35:32]} 25. Bxe5 {[%clk 0:19:07]} f3 {[%clk 0:36:00]} 26. Bg3
{[%clk 0:17:48]} e3 {[%clk 0:34:24]} 27. gxf3 {[%clk 0:16:37]} Bxh3+
{[%clk 0:34:40]} 28. Ke2 {[%clk 0:15:18]} exf2 {[%clk 0:33:15]} 29. Kxf2
{[%clk 0:15:35]} Rbg7 {[%clk 0:33:38]} 30. Rg1 {[%clk 0:13:35]} Be7
{[%clk 0:31:55]} 31. a3 {[%clk 0:09:50]} Kf7 {[%clk 0:30:37]} 32. b4
{[%clk 0:09:56]} Be6 {[%clk 0:27:21]} 33. c5 {[%clk 0:07:07]} Bb3
{[%clk 0:25:39]} 34. Nc3 {[%clk 0:06:21]} Bf6 {[%clk 0:25:59]} 35. Ne4
{[%clk 0:06:43]} Bd4+ {[%clk 0:25:59]} 36. Kg2 {[%clk 0:06:30]} Bd5
{[%clk 0:25:04]} 37. Nd6+ {[%clk 0:03:45]} Kf6 {[%clk 0:25:02]} 38. Kh3
{[%clk 0:03:04]} Rxg3+ {[%clk 0:25:14]} 0-1

[Event "World Chess Olympiad 2018"]
[Site "Batumi"]
[Date "2018.09.25"]
[Round "2"]
[Board "3"]
[WhiteFideId "10613129"]
[White "Fawzy Adham"]
[BlackFideId "2209381"]
[Black "Franco Ocampos Zenon"]
[Result "1/2-1/2"]
[LiveChessVersion "1.4.8"]
[BlackElo "2486"]
[WhiteElo "2431"]

1. e4 {[%clk 1:30:56]} c5 {[%clk 1:30:54]} 2. Nf3 {[%clk 1:31:23]} Nc6
{[%clk 1:31:20]} 3. d4 {[%clk 1:31:46]} cxd4 {[%clk 1:31:45]} 4. Nxd4 Nf6
{[%clk 1:32:06]} 5. Nc3 {[%clk 1:32:37]} d6 {[%clk 1:32:24]} 6. Bg5
{[%clk 1:31:37]} e6 {[%clk 1:32:00]} 7. Qd2 {[%clk 1:31:18]} h6 {[%clk 1:32:06]}
8. Bxf6 {[%clk 1:28:16]} gxf6 {[%clk 1:32:31]} 9. f4 {[%clk 1:28:11]} a6
{[%clk 1:31:35]} 10. Be2 {[%clk 1:22:43]} h5 {[%clk 1:31:38]} 11. O-O-O
{[%clk 1:21:38]} Bd7 {[%clk 1:32:02]} 12. Kb1 {[%clk 1:20:03]} Qb6
{[%clk 1:31:49]} 13. Nb3 {[%clk 1:18:12]} O-O-O {[%clk 1:31:36]} 14. Na4
{[%clk 1:13:00]} Qa7 {[%clk 1:27:20]} 15. c4 {[%clk 1:10:25]} Nd4
{[%clk 1:13:08]} 16. c5 {[%clk 0:56:18]} Nxb3 {[%clk 0:54:07]} 17. axb3
{[%clk 0:56:23]} Bxa4 {[%clk 0:51:24]} 18. bxa4 {[%clk 0:56:34]} Be7
{[%clk 0:51:16]} 19. c6 {[%clk 0:50:45]} bxc6 {[%clk 0:51:16]} 20. Qa5
{[%clk 0:38:38]} Kd7 {[%clk 0:50:08]} 21. Bxh5 {[%clk 0:36:39]} Rb8
{[%clk 0:47:43]} 22. Bxf7 {[%clk 0:30:09]} Qe3 {[%clk 0:40:19]} 23. Rhe1
{[%clk 0:22:47]} Qxf4 {[%clk 0:35:40]} 24. Qxa6 {[%clk 0:22:10]} Qe5
{[%clk 0:17:52]} 25. Qa7+ {[%clk 0:21:50]} Kc8 {[%clk 0:18:03]} 26. Rd2
{[%clk 0:20:24]} Bd8 {[%clk 0:18:20]} 27. Rc2 {[%clk 0:17:20]} c5
{[%clk 0:17:21]} 28. Rd1 {[%clk 0:14:03]} Bc7 {[%clk 0:17:20]} 29. Ka1
{[%clk 0:12:54]} Rb6 {[%clk 0:13:20]} 30. Qa8+ {[%clk 0:12:02]} Rb8
{[%clk 0:13:26]} 31. Qc6 {[%clk 0:10:29]} Rb6 {[%clk 0:13:41]} 32. Qa8+
{[%clk 0:10:56]} Rb8 {[%clk 0:09:59]} 33. Qc6 {[%clk 0:08:54]} Rb6 1/2-1/2

[Event "World Chess Olympiad 2018"]
[Site "Batumi"]
[Date "2018.09.25"]
[Round "2"]
[Board "4"]
[WhiteFideId "3701166"]
[White "Almiron Antonio"]
[BlackFideId "10600183"]
[Black "Hesham Abdelrahman"]
[Result "1-0"]
[LiveChessVersion "1.4.8"]
[BlackElo "2408"]
[WhiteElo "2358"]

1. d4 {[%clk 1:30:54]} Nf6 {[%clk 1:30:54]} 2. c4 {[%clk 1:31:20]} g6
{[%clk 1:31:21]} 3. Nc3 {[%clk 1:31:46]} Bg7 {[%clk 1:31:44]} 4. e4
{[%clk 1:32:11]} d6 {[%clk 1:32:11]} 5. h3 {[%clk 1:32:36]} O-O {[%clk 1:32:07]}
6. Bg5 {[%clk 1:33:00]} c5 {[%clk 1:26:00]} 7. d5 {[%clk 1:33:04]} b5
{[%clk 1:13:04]} 8. cxb5 {[%clk 1:33:26]} a6 {[%clk 1:13:24]} 9. a4
{[%clk 1:33:50]} Nbd7 {[%clk 1:09:17]} 10. Nf3 {[%clk 1:33:36]} Qa5
{[%clk 0:57:52]} 11. Nd2 {[%clk 1:28:22]} Qb4 {[%clk 0:49:35]} 12. Ra3
{[%clk 1:15:12]} c4 {[%clk 0:36:52]} 13. Bxc4 {[%clk 1:11:13]} Nc5
{[%clk 0:36:48]} 14. Qc2 {[%clk 1:09:05]} Nfxe4 {[%clk 0:29:48]} 15. Ncxe4
{[%clk 1:07:49]} Bf5 {[%clk 0:29:51]} 16. f3 {[%clk 1:00:59]} Bxb2
{[%clk 0:17:12]} 17. Ra2 {[%clk 1:00:45]} Bd4 {[%clk 0:13:28]} 18. Ke2
{[%clk 1:00:50]} Rfc8 {[%clk 0:13:19]} 19. Rb1 {[%clk 0:59:18]} Qa5
{[%clk 0:12:55]} 20. Nb3 {[%clk 0:54:05]} Qc7 {[%clk 0:05:28]} 21. Nxd4
{[%clk 0:51:50]} Nxe4 {[%clk 0:05:45]} 22. Nxf5 {[%clk 0:52:08]} Nxg5
{[%clk 0:04:58]} 23. Ne3 {[%clk 0:51:01]} f5 {[%clk 0:04:56]} 24. b6
{[%clk 0:50:35]} Qb7 {[%clk 0:05:15]} 25. h4 {[%clk 0:49:46]} Nf7
{[%clk 0:05:40]} 26. f4 {[%clk 0:50:14]} Rc5 {[%clk 0:04:56]} 27. a5
{[%clk 0:50:33]} Rac8 {[%clk 0:05:14]} 28. Qd3 {[%clk 0:51:02]} 1-0

[Event "World Chess Olympiad 2018"]
[Site "Batumi"]
[Date "2018.09.25"]
[Round "2"]
[Board "2"]
[WhiteFideId "605506"]
[White "Bacrot Etienne"]
[BlackFideId "3000028"]
[Black "Roselli Mailhe Bernardo"]
[Result "1-0"]
[LiveChessVersion "1.4.8"]
[BlackElo "2439"]
[WhiteElo "2678"]

1. e4 c5 {[%clk 1:30:49]} 2. Nf3 {[%clk 1:31:22]} e6 {[%clk 1:30:44]} 3. d4
{[%clk 1:31:44]} cxd4 {[%clk 1:31:10]} 4. Nxd4 {[%clk 1:32:10]} Nf6
{[%clk 1:30:02]} 5. Nc3 {[%clk 1:32:35]} Nc6 {[%clk 1:30:24]} 6. Nxc6
{[%clk 1:33:01]} bxc6 {[%clk 1:30:29]} 7. e5 {[%clk 1:33:26]} Nd5
{[%clk 1:29:49]} 8. Ne4 {[%clk 1:33:50]} Qc7 {[%clk 1:30:07]} 9. f4
{[%clk 1:34:10]} Qb6 {[%clk 1:29:22]} 10. c4 {[%clk 1:34:32]} Bb4+
{[%clk 1:29:36]} 11. Ke2 {[%clk 1:34:56]} f5 {[%clk 1:28:13]} 12. exf6
{[%clk 1:35:19]} Nxf6 {[%clk 1:28:34]} 13. Be3 {[%clk 1:35:34]} Qd8
{[%clk 1:27:46]} 14. Nd6+ {[%clk 1:35:41]} Bxd6 {[%clk 1:28:07]} 15. Qxd6
{[%clk 1:36:05]} Bb7 {[%clk 1:26:54]} 16. Rd1 {[%clk 1:35:41]} Kf7
{[%clk 1:09:15]} 17. g4 {[%clk 1:13:19]} Bc8 {[%clk 0:38:06]} 18. g5
{[%clk 1:05:11]} Ne4 {[%clk 0:35:51]} 19. Qe5 {[%clk 0:57:38]} d5
{[%clk 0:35:39]} 20. Bd4 {[%clk 0:53:03]} Rg8 {[%clk 0:33:49]} 21. Bg2
{[%clk 0:53:27]} Nd6 {[%clk 0:33:58]} 22. b3 {[%clk 0:53:51]} Nf5
{[%clk 0:31:31]} 23. Rhe1 {[%clk 0:43:34]} Bd7 {[%clk 0:26:38]} 24. Bh3
{[%clk 0:39:08]} Nxd4+ {[%clk 0:19:31]} 25. Rxd4 {[%clk 0:39:33]} Re8
{[%clk 0:19:56]} 26. Kf2 {[%clk 0:38:05]} Qb8 {[%clk 0:17:06]} 27. cxd5
{[%clk 0:27:55]} cxd5 {[%clk 0:14:31]} 28. f5 {[%clk 0:26:29]} Qxe5
{[%clk 0:08:41]} 29. Rxe5 {[%clk 0:26:40]} exf5 {[%clk 0:09:04]} 30. Rexd5
{[%clk 0:22:53]} Be6 {[%clk 0:09:25]} 31. Ra5 {[%clk 0:22:46]} Kg6
{[%clk 0:07:43]} 32. Bg2 {[%clk 0:20:23]} Rac8 {[%clk 0:07:35]} 33. Rd2
{[%clk 0:17:06]} Rc7 {[%clk 0:03:21]} 34. h4 {[%clk 0:17:31]} h6 {[%clk 0:02:11]}
35. Ra6 {[%clk 0:14:15]} Kh5 {[%clk 0:01:02]} 36. gxh6 {[%clk 0:12:43]} gxh6
{[%clk 0:01:30]} 37. Bc6 {[%clk 0:13:01]} Ree7 {[%clk 0:01:20]} 38. Kg3
{[%clk 0:12:35]} f4+ {[%clk 0:00:36]} 39. Kxf4 {[%clk 0:12:08]} Rf7+
{[%clk 0:00:56]} 40. Kg3 {[%clk 0:39:58]} Rg7+ {[%clk 0:31:09]} 41. Kf2
{[%clk 0:37:34]} Kxh4 {[%clk 0:22:42]} 42. Bf3 {[%clk 0:36:39]} Bg4
{[%clk 0:22:26]} 43. Rxh6+ {[%clk 0:35:26]} Kg5 {[%clk 0:22:52]} 44. Rhd6
{[%clk 0:35:01]} Rgf7 {[%clk 0:15:53]} 45. R2d5+ {[%clk 0:31:17]} Rf5
{[%clk 0:16:06]} 46. Rxf5+ {[%clk 0:30:30]} Bxf5 {[%clk 0:16:30]} 47. Kg3
{[%clk 0:29:24]} Rh7 {[%clk 0:06:11]} 48. Ra6 {[%clk 0:27:38]} Rh3+
{[%clk 0:04:59]} 49. Kf2 {[%clk 0:27:53]} Rh7 {[%clk 0:05:06]} 50. Ke3
{[%clk 0:27:47]} Rd7 {[%clk 0:05:30]} 51. Be2 {[%clk 0:20:03]} Re7+
{[%clk 0:05:03]} 52. Kd2 {[%clk 0:20:24]} Rc7 {[%clk 0:05:18]} 53. Bc4
{[%clk 0:15:43]} Bc8 {[%clk 0:05:26]} 54. Ra5+ {[%clk 0:16:08]} Kf6
{[%clk 0:05:49]} 55. Kc3 {[%clk 0:15:57]} Ke7 {[%clk 0:05:25]} 56. a4
{[%clk 0:16:06]} Bh3 {[%clk 0:04:35]} 57. Rd5 {[%clk 0:15:06]} Bg2
{[%clk 0:02:07]} 58. Rg5 {[%clk 0:14:29]} Bh3 {[%clk 0:02:05]} 59. Kb4
{[%clk 0:12:32]} Bd7 {[%clk 0:01:42]} 60. Ka5 {[%clk 0:11:47]} Kd6
{[%clk 0:01:15]} 61. Rd5+ {[%clk 0:09:28]} Ke7 {[%clk 0:01:38]} 62. Bb5
{[%clk 0:08:44]} Bc8 {[%clk 0:01:07]} 63. b4 {[%clk 0:05:54]} Bb7
{[%clk 0:01:13]} 64. Rd4 {[%clk 0:05:57]} Bc8 {[%clk 0:01:37]} 65. Ba6
{[%clk 0:04:21]} Be6 {[%clk 0:01:25]} 66. Be2 {[%clk 0:03:05]} Bc8
{[%clk 0:01:43]} 67. Bg4 {[%clk 0:02:25]} Bb7 {[%clk 0:01:38]} 68. b5
{[%clk 0:02:46]} Ke8 {[%clk 0:01:10]} 69. Bf5 {[%clk 0:02:59]} Ke7
{[%clk 0:01:24]} 70. Be4 {[%clk 0:02:34]} Bc8 {[%clk 0:01:17]} 71. Bc6
{[%clk 0:02:53]} Bh3 {[%clk 0:00:42]} 72. Kb4 {[%clk 0:03:12]} Be6
{[%clk 0:00:36]} 73. Kc5 {[%clk 0:00:50]} Bh3 {[%clk 0:00:57]} 74. a5
{[%clk 0:00:38]} Bg2 {[%clk 0:00:56]} 75. Rg4 {[%clk 0:00:42]} Bxc6
{[%clk 0:00:59]} 76. bxc6 {[%clk 0:01:01]} 1-0

[Event "World Chess Olympiad 2018"]
[Site "Batumi"]
[Date "2018.09.25"]
[Round "2"]
[Board "2"]
[WhiteFideId "5202213"]
[White "So Wesley"]
[BlackFideId "13608207"]
[Black "Oboladze Luka"]
[Result "1-0"]
[LiveChessVersion "1.4.8"]
[BlackElo "2340"]
[WhiteElo "2776"]

1. e4 {[%clk 1:30:50]} c5 {[%clk 1:30:53]} 2. Nf3 {[%clk 1:31:16]} e6
{[%clk 1:31:13]} 3. d4 {[%clk 1:31:40]} cxd4 {[%clk 1:31:37]} 4. Nxd4
{[%clk 1:32:06]} a6 {[%clk 1:31:59]} 5. g3 {[%clk 1:32:31]} Nc6 {[%clk 1:32:00]}
6. Bg2 {[%clk 1:32:47]} Qc7 {[%clk 1:32:04]} 7. Nc3 {[%clk 1:29:53]} Nf6
{[%clk 1:30:47]} 8. O-O {[%clk 1:30:19]} d6 {[%clk 1:27:07]} 9. Re1
{[%clk 1:26:45]} Bd7 {[%clk 1:25:16]} 10. Nxc6 {[%clk 1:25:33]} bxc6
{[%clk 1:24:58]} 11. Na4 {[%clk 1:18:49]} Be7 {[%clk 1:23:32]} 12. c4
{[%clk 1:17:02]} O-O {[%clk 1:19:47]} 13. c5 {[%clk 1:16:02]} dxc5
{[%clk 1:00:29]} 14. Be3 {[%clk 1:06:30]} c4 {[%clk 0:51:34]} 15. Nb6
{[%clk 1:01:41]} Rab8 {[%clk 0:50:39]} 16. Nxc4 {[%clk 1:02:07]} e5
{[%clk 0:50:50]} 17. h3 {[%clk 1:02:17]} Be6 {[%clk 0:50:40]} 18. Qc2
{[%clk 1:02:28]} Nd7 {[%clk 0:49:01]} 19. Red1 {[%clk 0:44:43]} Rfd8
{[%clk 0:24:43]} 20. Bf1 {[%clk 0:44:17]} Nf6 {[%clk 0:18:30]} 21. Rxd8+
{[%clk 0:35:33]} Bxd8 {[%clk 0:18:44]} 22. Bc5 {[%clk 0:33:33]} Ne8
{[%clk 0:15:13]} 23. Rd1 {[%clk 0:29:35]} a5 {[%clk 0:12:54]} 24. b3
{[%clk 0:28:15]} Bf6 {[%clk 0:08:56]} 25. h4 {[%clk 0:20:42]} h6 {[%clk 0:08:31]}
26. Qc3 {[%clk 0:16:07]} Rb5 {[%clk 0:07:21]} 27. Ne3 {[%clk 0:13:06]} Rb8
{[%clk 0:07:32]} 28. Ba3 {[%clk 0:12:38]} a4 {[%clk 0:05:27]} 29. bxa4
{[%clk 0:12:56]} Ra8 {[%clk 0:05:33]} 30. Bc4 {[%clk 0:10:22]} Rxa4
{[%clk 0:02:37]} 31. Bxe6 {[%clk 0:10:46]} fxe6 {[%clk 0:03:02]} 32. Qb3
{[%clk 0:10:09]} Ra8 {[%clk 0:02:16]} 33. Qxe6+ {[%clk 0:09:30]} Qf7
{[%clk 0:02:39]} 34. Qxf7+ {[%clk 0:09:25]} Kxf7 {[%clk 0:03:08]} 35. Nc4
{[%clk 0:09:46]} Ra4 {[%clk 0:03:05]} 36. Rc1 {[%clk 0:10:05]} Ke6
{[%clk 0:02:11]} 37. Rc2 {[%clk 0:10:08]} Bd8 {[%clk 0:01:22]} 38. Bf8
{[%clk 0:08:23]} Kf7 {[%clk 0:00:53]} 39. Bc5 {[%clk 0:08:28]} Bc7
{[%clk 0:01:04]} 40. f3 {[%clk 0:36:06]} Ke6 {[%clk 0:31:11]} 41. Kf1
{[%clk 0:32:59]} Nf6 {[%clk 0:30:19]} 42. Ne3 {[%clk 0:23:14]} h5
{[%clk 0:22:25]} 43. Bb6 {[%clk 0:19:56]} Bxb6 {[%clk 0:18:44]} 44. Rxc6+
{[%clk 0:20:00]} Kf7 {[%clk 0:19:08]} 45. Rxb6 {[%clk 0:20:27]} Rxa2
{[%clk 0:18:57]} 46. Rb7+ {[%clk 0:19:59]} Kf8 {[%clk 0:14:17]} 47. Nc4
{[%clk 0:19:04]} Ra1+ {[%clk 0:12:38]} 48. Kg2 {[%clk 0:19:06]} Ra2+
{[%clk 0:12:39]} 49. Kh3 {[%clk 0:19:24]} Rf2 {[%clk 0:09:14]} 50. Nxe5
{[%clk 0:19:26]} Kg8 {[%clk 0:09:30]} 51. Rb3 {[%clk 0:18:43]} Re2
{[%clk 0:09:13]} 52. Ng6 {[%clk 0:18:39]} 1-0

[Event "World Chess Olympiad 2018"]
[Site "Batumi"]
[Date "2018.09.25"]
[Round "2"]
[Board "3"]
[WhiteFideId "13611216"]
[White "Petriashvili Nikoloz"]
[BlackFideId "2004887"]
[Black "Shankland Samuel"]
[Result "1/2-1/2"]
[LiveChessVersion "1.4.8"]
[BlackElo "2722"]
[WhiteElo "2343"]

1. c4 {[%clk 1:30:39]} c5 {[%clk 1:30:50]} 2. Nc3 {[%clk 1:30:17]} g6
{[%clk 1:31:08]} 3. g3 {[%clk 1:30:21]} Bg7 {[%clk 1:31:32]} 4. Bg2
{[%clk 1:30:42]} Nc6 {[%clk 1:31:58]} 5. e3 {[%clk 1:30:07]} Nh6 {[%clk 1:31:30]}
6. Nge2 {[%clk 1:25:22]} Nf5 {[%clk 1:31:55]} 7. b3 {[%clk 1:23:57]} b6
{[%clk 1:28:08]} 8. Bb2 {[%clk 1:20:21]} Bb7 {[%clk 1:28:27]} 9. O-O
{[%clk 1:19:55]} h5 {[%clk 1:27:45]} 10. h3 {[%clk 1:17:26]} O-O {[%clk 1:24:49]}
11. Qb1 {[%clk 1:13:38]} e6 {[%clk 1:18:32]} 12. Rd1 {[%clk 1:11:59]} Rb8
{[%clk 1:15:43]} 13. Nb5 {[%clk 1:04:01]} d5 {[%clk 1:10:36]} 14. Bxg7
{[%clk 1:02:43]} Kxg7 {[%clk 1:10:58]} 15. cxd5 {[%clk 1:02:13]} exd5
{[%clk 1:11:24]} 16. d4 {[%clk 1:02:38]} Qf6 {[%clk 0:51:24]} 17. Nbc3
{[%clk 0:45:39]} Nce7 {[%clk 0:48:34]} 18. dxc5 {[%clk 0:42:14]} bxc5
{[%clk 0:48:59]} 19. Nxd5 {[%clk 0:40:29]} Nxd5 {[%clk 0:49:09]} 20. Bxd5
{[%clk 0:40:36]} Bxd5 {[%clk 0:47:23]} 21. Rxd5 {[%clk 0:41:01]} Rfd8
{[%clk 0:47:02]} 22. Rxd8 {[%clk 0:40:40]} Rxd8 {[%clk 0:47:26]} 23. Qe1
{[%clk 0:39:48]} h4 {[%clk 0:41:38]} 24. g4 {[%clk 0:37:05]} Nd6 {[%clk 0:42:03]}
25. Rd1 {[%clk 0:33:10]} Ne4 {[%clk 0:42:18]} 26. Rxd8 {[%clk 0:32:47]} Qxd8
{[%clk 0:42:47]} 27. f3 {[%clk 0:17:44]} Nd2 {[%clk 0:36:30]} 28. Kg2
{[%clk 0:13:52]} Qd3 {[%clk 0:35:20]} 29. Kf2 {[%clk 0:12:44]} Qc2
{[%clk 0:34:33]} 30. Qa1+ {[%clk 0:11:58]} Kg8 {[%clk 0:34:47]} 31. e4
{[%clk 0:10:59]} a5 {[%clk 0:33:03]} 32. g5 {[%clk 0:08:57]} c4 {[%clk 0:31:44]}
33. bxc4 {[%clk 0:08:08]} Nxc4 {[%clk 0:32:05]} 34. Qd4 {[%clk 0:06:44]} Qxa2
{[%clk 0:30:07]} 35. Qd8+ {[%clk 0:07:10]} Kh7 {[%clk 0:30:33]} 36. Qd5
{[%clk 0:07:37]} Kg8 {[%clk 0:30:16]} 37. Qd8+ {[%clk 0:07:59]} Kh7
{[%clk 0:30:41]} 38. Qd5 {[%clk 0:08:26]} 1/2-1/2

[Event "World Chess Olympiad 2018"]
[Site "Batumi"]
[Date "2018.09.25"]
[Round "2"]
[Board "3"]
[WhiteFideId "3003809"]
[White "Lopez Azambuja Nicolas"]
[BlackFideId "608742"]
[Black "Fressinet Laurent"]
[Result "0-1"]
[LiveChessVersion "1.4.8"]
[BlackElo "2649"]
[WhiteElo "2322"]

1. d4 {[%clk 1:30:57]} f5 {[%clk 1:30:55]} 2. Nf3 {[%clk 1:31:16]} Nf6
{[%clk 1:31:13]} 3. c4 {[%clk 1:31:09]} e6 {[%clk 1:31:32]} 4. g3
{[%clk 1:30:58]} d5 {[%clk 1:31:44]} 5. Bg2 {[%clk 1:31:03]} Bd6 {[%clk 1:32:08]}
6. O-O {[%clk 1:30:51]} O-O {[%clk 1:32:29]} 7. Qc2 {[%clk 1:30:39]} c6
{[%clk 1:32:20]} 8. Nc3 {[%clk 1:30:50]} Qe7 {[%clk 1:32:28]} 9. Rb1
{[%clk 1:28:30]} Nbd7 {[%clk 1:32:19]} 10. a3 {[%clk 1:21:50]} a5
{[%clk 1:21:48]} 11. c5 {[%clk 1:01:13]} Bc7 {[%clk 1:20:08]} 12. Bf4
{[%clk 0:54:32]} e5 {[%clk 1:15:28]} 13. Nxe5 {[%clk 0:54:01]} Nxe5
{[%clk 1:13:19]} 14. Bxe5 {[%clk 0:54:27]} Bxe5 {[%clk 1:13:43]} 15. dxe5
{[%clk 0:54:52]} Ng4 {[%clk 1:11:21]} 16. Na4 {[%clk 0:50:22]} f4
{[%clk 1:08:04]} 17. Qc3 {[%clk 0:35:38]} Bf5 {[%clk 1:05:33]} 18. Rbe1
{[%clk 0:30:31]} fxg3 {[%clk 1:02:35]} 19. hxg3 {[%clk 0:20:26]} Rad8
{[%clk 0:44:01]} 20. Qd4 {[%clk 0:09:42]} Qxe5 {[%clk 0:41:31]} 21. Qxe5
{[%clk 0:06:18]} Nxe5 {[%clk 0:41:59]} 22. Rc1 {[%clk 0:05:08]} d4
{[%clk 0:40:25]} 23. Rfd1 {[%clk 0:04:27]} d3 {[%clk 0:32:44]} 24. exd3
{[%clk 0:04:12]} Bg4 {[%clk 0:30:43]} 25. Rd2 {[%clk 0:03:52]} Rxd3
{[%clk 0:28:33]} 26. Rcc2 {[%clk 0:02:10]} Re8 {[%clk 0:24:29]} 27. Rxd3
{[%clk 0:01:47]} Nxd3 {[%clk 0:24:53]} 28. f3 {[%clk 0:01:29]} Bf5
{[%clk 0:22:41]} 29. Rd2 {[%clk 0:01:39]} Re3 {[%clk 0:21:11]} 30. Nb6
{[%clk 0:01:15]} Nxc5 {[%clk 0:15:46]} 31. Nc4 {[%clk 0:01:17]} Re1+
{[%clk 0:13:56]} 32. Kh2 {[%clk 0:01:44]} a4 {[%clk 0:10:46]} 33. Rd8+
{[%clk 0:01:47]} Kf7 {[%clk 0:11:15]} 34. Nd6+ {[%clk 0:01:10]} Kg6
{[%clk 0:11:39]} 35. Rb8 {[%clk 0:00:59]} Re2 {[%clk 0:07:38]} 36. g4
{[%clk 0:01:25]} Be6 {[%clk 0:06:32]} 37. Kg3 {[%clk 0:01:20]} Rxb2
{[%clk 0:05:19]} 38. f4 {[%clk 0:01:06]} Bxg4 {[%clk 0:03:49]} 39. Bxc6
{[%clk 0:01:23]} Be6 {[%clk 0:02:52]} 40. Be4+ {[%clk 0:30:32]} Nxe4+
{[%clk 0:32:27]} 41. Nxe4 {[%clk 0:30:59]} Rb3+ {[%clk 0:32:23]} 0-1